Directors with Multiple Films in the Same Year - Statistics

General Stats
  • This quiz has been taken 45 times
  • The average score is 24 of 31
Answer Stats
Year Movies Film Director % Correct
1989 AlwaysIndiana Jones and the Last Crusade Steven Spielberg
100%
1993 Jurassic ParkSchindler's List Steven Spielberg
100%
1997 AmistadThe Lost World: Jurassic Park Steven Spielberg
100%
2002 Minority ReportCatch Me If You Can Steven Spielberg
100%
2005 War of the WorldsMunich Steven Spielberg
100%
2011 War Horse The Adventures of Tintin Steven Spielberg
100%
1974 The ConversationThe Godfather Part II Francis Ford Coppola
98%
1983 The OutsidersRumble Fish Francis Ford Coppola
98%
2005 Charlie and the Chocolate FactoryCorpse Bride Tim Burton
98%
2012 Dark ShadowsFrankenweenie Tim Burton
98%
2001 HannibalBlack Hawk Down Ridley Scott
90%
2017 Alien: Covenant All the Money in the World Ridley Scott
90%
2021 House of GucciThe Last Duel Ridley Scott
90%
2000 Erin BrockovichTraffic Steven Soderbergh
78%
2002 Full FrontalSolaris Steven Soderbergh
78%
2004 ErosOcean's Twelve Steven Soderbergh
78%
2009 The Girlfriend ExperienceThe Informant! Steven Soderbergh
78%
2011 ContagionHaywire Steven Soderbergh
78%
2019 High Flying BirdThe Laundromat Steven Soderbergh
78%
1974 Blazing SaddlesYoung Frankenstein Mel Brooks
73%
2003 Spy Kids 3-D: Game OverOnce Upon a Time in Mexico Robert Rodriguez
70%
2005 Sin CityThe Adventures of Sharkboy and Lavagirl in 3-D Robert Rodriguez
70%
2019 Red 11Alita: Battle Angel Robert Rodriguez
70%
2023 HypnoticSpy Kids: Armageddon Robert Rodriguez
70%
1987 Radio DaysSeptember Woody Allen
63%
1994 Bullets Over BroadwayDon't Drink the Water Woody Allen
63%
1985 The Breakfast ClubWeird Science John Hughes
58%
2013 PrisonersEnemy Denis Villeneuve
38%
1990 RevengeDays of Thunder Tony Scott
35%
1993 For Love or MoneyAddams Family Values Barry Sonnenfeld
25%
2002 Big TroubleMen in Black II Barry Sonnenfeld
25%
No matching quizzes found
Score Distribution
Percent of People with Each Score
Percentile by Number Answered
Your Score History
You have not taken this quiz